MARC

LEADER 00000nam0a2200000 4500
001 99895
005 20231101214300.0
035 |a (RuTPU)RU\TPU\book\107432 
035 |a RU\TPU\book\107408 
090 |a 99895 
100 |a 20060721d1960 k y0rusy50 ca 
101 0 |a rus 
102 |a RU 
105 |a y a 001zy 
200 1 |a Дислокации в кристаллах  |e библиографический указатель  |f АН СССР, Ин-т кристаллографии ; сост. Л. В. Матвеева ; под ред. В. Л. Инденбом 
210 |a Москва  |c Изд-во Академии наук СССР  |d 1960 
215 |a 115 с. 
320 |a Алф. указ. авт.: с. 101 - 110. 
606 1 |a Кристаллы  |x Дислокации  |2 stltpush  |3 (RuTPU)RU\TPU\subj\80318  |9 88043 
610 1 |a кристаллография 
610 1 |a рост 
610 1 |a пластичность 
610 1 |a разрушение 
610 1 |a внутреннее трение 
610 1 |a библиографические указатели 
675 |a 548.4(01)  |v 3 
686 |a Я19  |v LBC/SL-A  |2 rubbk 
702 1 |a Матвеева  |b Л. В.  |4 220 
702 1 |a Инденбом  |b В. Л.  |4 340 
712 0 2 |a Академия наук СССР (АН СССР)  |b Институт кристаллографии им. А. В. Шубникова (ИК)  |c (Москва)  |2 stltpush  |3 (RuTPU)RU\TPU\col\11554 
801 1 |a RU  |b 63413507  |c 20060720  |g PSBO 
801 2 |a RU  |b 63413507  |c 20220812  |g PSBO 
942 |c BK